[Event "Syre Memorial op 29th"]
[Site "Issy les Moulineaux"]
[Date "2006.05.28"]
[Round "6"]
[White "Brunner, Nicolas"]
[Black "Shchekachev, Andrei"]
[Result "0-1"]
[WhiteElo "2407"]
[BlackElo "2592"]
[Annotator "Primel,D"]
[PlyCount "122"]
[EventDate "2006.05.25"]
[EventType "swiss"]
[EventRounds "6"]
[EventCountry "FRA"]
[SourceTitle "EXT 2007"]
[Source "ChessBase"]
[SourceDate "2006.11.23"]
[SourceVersion "1"]
[SourceVersionDate "2006.11.23"]
[SourceQuality "1"]

1. d4 {La partie au sommet du tournoi: le GMI avait un 1/2 point de retard sur
son adversaire et il devait impérativement l'emporter pour gagner le tournoi.}
Nf6 2. c4 e6 3. Nc3 Bb4 4. Qc2 {La variante CAPABLANCA donne généralement une
légère avance de dévelloppement pour les noirs en contre-partie d'un avantage
structurel pour les blancs (paire de B et parfois aussi avantage d'espace)} c5
(4... O-O 5. a3 (5. Nf3 c5 6. dxc5 Na6 7. g3 (7. a3 Bxc3+ 8. Qxc3 Nxc5 9. g3 b6
10. Bg2 Ba6 $1 {[%csl Rc4]} (10... Bb7) 11. Nd2 Rc8 $132 {[%cal Gc8c3,Rd7d5]}))
5... Bxc3+ 6. Qxc3 b6 7. Bg5 Bb7 8. f3 h6 9. Bh4 d5 10. e3 Nbd7 11. cxd5 Nxd5
12. Bxd8 Nxc3 13. Bh4 Nd5 {La ligne principale} 14. Bf2 c5 (14... f5) 15. e4 (
15. Bb5 Rfd8 16. e4 Nc7 17. Bxd7 Rxd7 18. dxc5 f5 $1 {Kramnik,V (2770)
-Kasparov,G (2849) BGN World Chess Championship (8) 1/2 La forte nouveauté de
KASPAROV lors du match de Londres sacrifiant le pion "b6" pour l'initiative})
15... Ne7 16. Bb5 Bc6) (4... d5 {N.SHORT était un des rares GMI а jouer cette
ancienne variante mais cette dernière connait un regain récent de popularité
et TOPALOV a d'ailleurs commencé а la jouer.} 5. cxd5 exd5 (5... Qxd5 6. Nf3
Qf5 {[%cal Gf5c2]} 7. Qxf5 exf5 8. a3 Be7 {[%csl Gc8,Ge7]} 9. Bf4 c6 10. e3 Be6
{[%csl Gd5]}) 6. Bg5) 5. dxc5 Qc7 {Un premier carrefour dans la partie où les
noirs ont plusieurs alternatives} (5... O-O 6. a3 Bxc5 7. Nf3 b6 8. Bg5 Bb7 9.
e3 h6 {Brunner,N (2407)-Spraggett,K (2578) XXIVe Open de Metz 2006 (7.2) 1/2})
(5... Na6 {[%cal Ga6c5] Une variante risquée où les noirs doivent rentrent
dans des complications pour éviter les pertes matérielles. Cette variante
était considérée comme douteuse au début des années 80 avant que les noirs
n'arrivent а trouver du contre-jeu qui rend la ligne jouable} 6. a3 Bxc3+ 7.
Qxc3 Nxc5 8. b4 (8. f3 d5 9. cxd5 b6 $1 10. b4 Na4 11. Qb3 b5 12. e4 a6 13. Bd3
O-O) 8... Nce4 9. Qd4 d5 10. c5 (10. cxd5) 10... b6 11. f3 $1 bxc5 12. bxc5
Qa5+ 13. Qb4 $1 Qc7 $1 14. fxe4 Rb8 15. Qa4+ Bd7 16. c6 O-O $13 {[%csl Re1]
Les noirs ont des compensations pour la pièce sacrifiée avec la forte avance
de développement et le K blanc au centre} (16... Bxc6 $6 17. Qc2 (17. Bf4 $142
$1 {[%csl Rc6,Re8][%cal Ga4c6] Une forte amélioration suggérée par GOLOD})
17... Nxe4 18. Nf3) 17. exd5 {Van Wely,L (2645)-Palo,D (2394) EUCup 18th
Chalkidiki 2002 (1) 1-0} (17. Bd2)) (5... Bxc5 {La pratique semble démontrer
que les noirs ont des difficultés dans cette variante pour égaliser.} 6. Nf3
Nc6 7. Bg5 O-O 8. a3 Nd4 9. Nxd4 Bxd4 10. e3 Qa5 {[%cal Ga5g5]} 11. exd4 Qxg5
12. Qd2 Qxd2+ 13. Kxd2 b6 14. Bd3 Bb7 15. f3 d6 16. b4 Rfd8 17. Rhb1 Bc6 18. a4
$14 {Les blancs ont une bonne finale et un avantage d'espace}) 6. a3 (6. Nf3
Bxc5 7. Bg5 a6 8. e3 Be7 9. Be2 d6 10. O-O Nbd7 11. Rfd1 b6 12. Rac1 Bb7 $11)
6... Bxc5 7. Nf3 (7. b4 Be7 8. Nb5 Qc6 9. Nf3 d6 10. Nfd4 Qb6 11. e3 a6 12. Nc3
O-O 13. Be2 Nbd7 14. O-O Qc7 15. Bb2 b6 16. Rac1 Bb7 17. f4) 7... a6 8. e3 b6 {
[%cal Gc8b7,Gb8d7,Gd7d6,Gc5e7,Ga8c8] Adoptant le plan classique du hérisson} 9.
b3 Bb7 10. Bb2 Be7 11. Be2 d6 12. O-O Nbd7 13. Rfd1 Rc8 14. Rac1 Qb8 $146 {
[%cal Gc8c2,Gb8a8] Un coup thématique sur le hérisson et multifonction:   la Q
laisse place а un vis-à-vis Q R sur la colonne "c"  Les R noires peuvent être
doublées sur la colonne "c" comme dans la partie La Q peut venir accentuer la
pression sur la diagonale "a8h1' par Q a8} ({RR} 14... O-O 15. Qb1 Qb8 16. h3
Rfd8 17. a4 Qa8 18. Ba3 Nc5 19. Ne1 Nfe4 20. Nxe4 Bxe4 21. Qa2 a5 22. Bf3 Bxf3
23. Nxf3 d5 24. cxd5 Rxd5 25. Rxd5 Qxd5 26. Nd2 Rc7 27. Bxc5 Bxc5 28. Nc4 h6
29. Qc2 {Cherniakhovsky,P (2237)-Savon,V (2427)/Alushta 1999/EXT 2000/1/2-1/2 
(48)}) 15. b4 {Prend de l'espace mais le Pc4 sur une colonne semi-ouverte
s'est légèrement affaibli et il était plus difficile aux noirs de trouver du
contre-jeu en évitant la poussée "b4"} (15. Qb1 O-O {Une boutade célèbre du
GMI SUBA: Dans les positions de hérisson, les blancs sont bien mais ils ne
peuvent pas améliorer leur position alors que les noirs sont moins bien mais
ils peuvent améliorer leur position!}) 15... O-O 16. Qb3 Rc7 $1 {[%cal Gf8c8]
Commence а faire pression sur le P"c4"} 17. Nb1 $1 {[%csl Rc4][%cal Gb1d2] Le
lorrain anticipe également et il renforce la protection du P "c4"} Rfc8 18.
Nbd2 Qa8 $11 {[%cal Ge7f8] La fin du plan classique des noirs. Les deux camps
ont placé les pièces sur les meilleurs emplacements} 19. Bf1 e5 $1 {Pour
gagner la partie, il est nécessaire de provoquer des déséquilibres mais les
blancs peuvent difficilement profiter de la case "d5"} 20. Be2 Bc6 {[%cal
Gb6b5] Avec l'idée de casser l'étau de Maroczy} 21. Nb1 (21. Nh4 $5 {[%csl Rf5]
} Bf8) 21... Ne4 $1 {[%cal Ge4c3]} (21... b5 $6 22. cxb5 axb5 23. Nc3 $1 {
[%csl Rb5] Par rapport а cette variante Ne4 permet d'échanger le Nc3 et la
poussée libératrice "b5" est réalisée dans des bonnes conditions.} Qb8) 22. Ne1
{[%cal Gf2f3] Un coup prophylactique contre ... b5! pour chasser un attaquant
de la case "c3"} b5 23. f3 (23. cxb5 axb5 24. Nc3 Nxc3) 23... Nef6 (23... bxc4
$1 24. Bxc4 d5 25. Be2 Nef6 $15 {[%csl Gd5,Ge5]}) 24. cxb5 axb5 25. Nc3 Qb8 26.
e4 {[%csl Rd4,Rf4]} Nf8 $1 {[%cal Gf8e6,Ge6d4,Ge6f4] "e4" a affaibli les cases
noires centrales et le GMI exploite immédiatement la faiblesse.} 27. g3 Ne6 28.
Nc2 {[%csl Gd4]} Qb6+ 29. Kg2 Ng5 $1 {[%csl Rf3,Rh3] Les pièces noires sont
très actives} 30. Nd5 {Une concession importante, les blancs sont contraints
d'échanger des pièces pour faire baisser la pression mais au détriment de la
perte du contrôle de la case "d5"} Nxd5 31. exd5 Bd7 $15 {[%csl Rh3]} 32. Ne3
Bh3+ 33. Kh1 h5 34. Rxc7 Rxc7 35. Qd3 Bd7 36. h4 $6 $138 Nh7 (36... Nh3 $5 {
[%cal Gh3f2,Ge2d3]} 37. Rf1 $8 (37. Kg2 Bxh4 $3 {[%cal Gh3f4,Rf4d3,Rf4g2]}))
37. Bf1 Bf8 38. Rc1 Rxc1 39. Bxc1 g6 {[%csl Gf5]} 40. Nd1 Nf6 {Le contrôle du
temps est passé et si le GMI est très légèrement mieux, le français s'accroche
а la nulle qui équivaudrait а une victoire finale. ait} 41. Be3 Qa6 {[%csl Ra3]
} 42. Bg5 Ne8 43. Bd8 Qc8 44. Bb6 Qc1 45. Be3 Qa1 46. Be2 Ng7 47. Bf2 (47. Kg2
Nf5) 47... Nf5 {[%csl Rd4]} 48. Kg2 Bh6 $1 49. g4 hxg4 50. fxg4 Ne7 51. g5 Bg7
52. Ne3 Qa2 {[%csl Rd5]} 53. Bf3 Nf5 54. Nc2 Bf8 55. Qc3 Nxh4+ $1 {[%csl Gh4]
[%cal Gf2h4,Rf5h4] Diagramme [#] Le jeune français avait bien résisté aux
manoeuvres noires mais il finit par craquer sous la pression.} (55... Ne7 56.
Ne3 Bf5 57. Nxf5 $2 (57. Kg1) 57... gxf5 $1 {[%csl Rd5][%cal Ge5e4]}) 56. Bxh4
Bf5 57. Bd1 Qxd5+ 58. Bf3 e4 (58... Qa2) 59. Be2 e3+ 60. Bf3 $2 (60. Kg1 $8)
60... Qa2 61. Bd1 e2 {[%mdl 2048] Non seulement cette partie était décisive
pour l'octroi de la victoire finale mais c'était la dernière а se terminer du
tounoi! La partie est particulièrement instructive par l'exploitation des
petits avantages par le GMI;} 0-1

[Event "Vandoeuvre op 10th"]
[Site "Vandoeuvre"]
[Date "2013.12.28"]
[Round "5"]
[White "Brunner, Nicolas"]
[Black "Admiraal, Miguoel"]
[Result "1-0"]
[WhiteElo "2441"]
[BlackElo "2315"]
[Annotator "RR"]
[PlyCount "115"]
[EventDate "2013.12.26"]
[EventType "swiss"]
[EventRounds "9"]
[EventCountry "FRA"]
[SourceTitle "EXT 2017"]
[Source "ChessBase"]
[SourceDate "2016.10.25"]
[SourceVersion "1"]
[SourceVersionDate "2016.10.25"]
[SourceQuality "1"]

1. d4 Nf6 2. c4 e6 3. Nc3 Bb4 4. Qc2 c5 5. dxc5 Bxc5 6. Nf3 Qb6 7. e3 Qc7 8. b3
b6 (8... a6 9. Bb2 Be7 10. g4 h6 11. O-O-O b5 12. Nd4 Bb7 13. Rg1 bxc4 14. Bxc4
Nc6 15. Nxc6 Qxc6 16. Kb1 Rc8 17. Qe2 d5 18. Bd3 Bb4 19. Na4 Qd6 20. h4 Kf8 21.
g5 hxg5 22. hxg5 Nd7 23. Rh1 Rxh1 24. Rxh1 e5 25. Bf5 Rd8 26. Qg4 Bc6 27. f4
Bxa4 28. fxe5 Qb6 29. e6 fxe6 30. Bxe6 Ke7 31. Bxd5 Nc5 32. Qd4 Qg6+ 33. Ka1
Rxd5 34. Qxd5 Bc6 35. Qe5+ Ne6 36. Rc1 Bd7 37. Qd5 Qxg5 38. Qxg5+ {Akobian,V 
(2626)-Kuzubov,Y (2635) Lubbock 2009 1/2-1/2}) 9. Bb2 Bb7 10. O-O-O a6 11. Kb1
$146 (11. Be2 Nc6 12. a3 Be7 13. Kb1 Na5 14. Rc1 O-O 15. Rhd1 Rfc8 16. Bd3 h6
17. Ka2 b5 18. cxb5 axb5 19. Bxb5 Nc6 20. Ba4 Qb6 21. Qd3 Ra5 22. Kb1 Rca8 23.
Qc2 Rc5 24. Qd3 Ba6 25. Qd2 Na5 26. Qc2 Rc7 27. Nd2 Rb8 28. b4 Bxb4 29. axb4
Qxb4 30. Nf3 Nc4 31. Ka1 Nxb2 {0-1 (31) Matthiesen,M (2306)-Sorensen,J (2422)
Denmark 2013}) 11... Nc6 12. a3 O-O-O $6 (12... O-O 13. Ng5 {[%cal Gc3d5]} h6
14. Nce4 Nxe4 15. Nxe4 Be7 16. g4 Rac8 17. h4 b5 (17... d5 18. Ng5 $1 $40 {
[%cal Gc2h7,Gh1h7]}) 18. c5 (18. g5 $13)) 13. Ng5 Rdf8 14. Nce4 Be7 15. Nxf6
gxf6 16. Nxh7 Rd8 17. Nxf6 Ne5 18. Ne4 f5 19. Nc3 Rh4 20. h3 Rg8 21. f3 Bc5 22.
Qf2 Rh5 23. Na4 f4 24. Nxc5 Qxc5 25. Re1 a5 26. Qd2 fxe3 27. Qxe3 Ng6 28. Qxc5+
bxc5 29. Bc3 Nh4 30. Rh2 a4 31. bxa4 Rh6 32. Rc1 Rhg6 33. Rc2 Kc7 34. Be1 Nf5
35. Bd3 Rb8 36. Rb2 Rgg8 37. Ba5+ Kd6 38. Bxf5 exf5 39. Bd2 Kc7 40. Kc2 Bc6 41.
a5 Ba4+ 42. Kc1 Rxb2 43. Kxb2 Rb8+ 44. Kc1 Bb3 45. h4 Bxc4 46. h5 Bg8 47. h6
Bh7 48. Bf4+ d6 49. Rh1 Re8 50. Rd1 Re6 51. Rxd6 Rxd6 52. a6 Kb6 53. Bxd6 c4
54. Kb2 Kxa6 55. Kc3 Kb5 56. Bb4 Ka4 57. Kxc4 f4 58. Kd4 1-0

[Event "RUS-Cup01 Chigorin Memorial"]
[Site "St Petersburg"]
[Date "1996.??.??"]
[Round "6"]
[White "Skomorokhin, Roman"]
[Black "Aseev, Konstantin N"]
[Result "0-1"]
[WhiteElo "2450"]
[BlackElo "2560"]
[Annotator "Shipov,S"]
[PlyCount "82"]
[EventDate "1996.11.??"]
[EventType "swiss"]
[EventRounds "9"]
[EventCountry "RUS"]
[SourceTitle "CBM 056 Extra"]
[Source "ChessBase"]
[SourceDate "1997.03.01"]
[SourceVersion "1"]
[SourceVersionDate "1997.03.01"]
[SourceQuality "1"]

1. d4 Nf6 2. c4 e6 3. Nc3 Bb4 4. Qc2 c5 5. dxc5 Na6 6. a3 Bxc3+ 7. Qxc3 Nxc5 8.
b4 (8. f3) 8... Nce4 9. Qc2 (9. Qd4) (9. Qb2) 9... Nxf2 $5 (9... d5 10. f3 (10.
c5 $2 Nxf2 $1 11. Kxf2 Ne4+ 12. Ke1 Qf6 $19) (10. cxd5 $5) 10... Nd6 11. c5 Nf5
(11... Nc4 12. e4 b5 13. Bxc4 dxc4 14. Ne2 a5 15. Bb2 O-O 16. O-O Qe7 17. Be5
Rd8 18. Rfd1 $16 {Shemiakin,A-Gasanov,R/Simferopol/1989/1:0/35/}) 12. e3 e5 $1
(12... Qc7 $6 13. Rb1 (13. Bd3 $1) 13... e5 14. g4 (14. Bb5+ Bd7) 14... Ne7 15.
Bb2 O-O 16. Ne2 Be6 17. Ng3 Rad8 18. Be2 Ne8 19. O-O f6 20. Rbc1 a6 21. f4 $14
{Leyva,H-Moran,A/Habana/1992/0.5/72/}) (12... O-O $6 13. Bd3 $1 Qc7 14. Bxf5 $1
exf5 15. Ne2 Re8 16. O-O Qe5 17. Qc3 Qxc3 18. Nxc3 a6 19. Rd1 Be6 20. Bb2 $16 {
Morales,J-Perera,P/ESP/1989/1:0/41/}) 13. Bb5+ Kf8 (13... Bd7 $2 14. Qxf5 Bxb5
15. Qxe5+ $18) 14. Ne2 e4 $2 (14... Be6 $5) (14... a5 15. Rb1 axb4 16. axb4 h5
17. O-O h4 18. Rd1 Qc7 19. e4 Ne7 20. Bg5 d4 21. f4 Rh5 $1 $13 {Budovic,
E-Kosikov,J/MDA/1979/0.5/32/}) 15. O-O h5 16. fxe4 dxe4 17. c6 $1 Nd6 18. Bb2
$1 Nxb5 19. Qc5+ Qd6 20. Qxb5 $16 {Ivanov,S-Aseev,K/St.Petersburg/1996/1:0/27/}
) 10. Kxf2 Ng4+ 11. Kg3 (11. Ke1 $2 Qf6 $19 12. Bb2 Qf2+ (12... Qxf1+ $2 13.
Kxf1 Ne3+ 14. Kf2 Nxc2 15. Rc1 $18) 13. Kd2 Qe3+ (13... Ne3 $6 14. Qc1) 14. Ke1
Qf2+ $10) 11... h5 12. Qb2 (12. h3 $5 Qf6 13. hxg4 h4+ 14. Kh3 Qxa1 15. Nf3 $14
) (12. Nf3 $5) 12... e5 $1 13. h4 (13. h3 $2 h4+ $1 14. Kxg4 d5+ 15. Kf3 Qf6+
16. Ke3 Qf4+ 17. Kd3 Bf5+ 18. e4 (18. Kc3 Qxc4+) 18... Qxf1+ $19) (13. Nf3 $2
h4+ 14. Kxg4 d5#) 13... Qf6 14. Nf3 Qg6 15. e4 Qxe4 16. Qb1 Qc6 $146 17. Bd3 d6
18. Ng5 $1 f6 (18... O-O $2 19. Be4 Qxc4 20. Bd5 $18) 19. Rf1 $1 (19. Ne4 $2 f5
) 19... fxg5 $6 (19... Bd7 $5 $13) 20. Bg6+ Kd8 21. Bxg5+ Kc7 22. Rf7+ Bd7 (
22... Kb8 23. Qd3 $36) 23. Bf5 Rad8 24. Bxd8+ (24. Qd3 $5 Nh6) 24... Rxd8 25.
Qe4 $1 Nh6 26. Bxd7 $2 (26. Rxd7+ Rxd7 27. Qxc6+ bxc6 28. Bxd7 $16) 26... Qxe4
27. Bf5+ Nxf7 28. Bxe4 Nh6 $15 29. Rf1 b6 30. Bg6 Rc8 $1 31. Bxh5 Kd7 32. Be2 (
32. Bf7 $2 Rf8) 32... Ke7 33. Kh3 $2 (33. Bd3 Ng8 34. Kf3 Nf6 35. Ke3 $10)
33... Ng8 $1 34. g4 Nf6 35. g5 (35. Bd3 d5 $1 $36) 35... Ne4 36. Bd3 Nd2 37. g6
$2 (37. Rc1 d5 $17) 37... Nxf1 38. Bxf1 Kf6 $19 39. h5 Kg5 40. Bd3 Rf8 41. Kg3
Rf4 0-1

[Event "Bonn GSK"]
[Site "Bonn"]
[Date "1993.??.??"]
[Round "?"]
[White "Sieglen, Joachim"]
[Black "Seul, Georg"]
[Result "1-0"]
[WhiteElo "2365"]
[BlackElo "2415"]
[Annotator "Sieglen,J"]
[PlyCount "89"]
[EventDate "1993.??.??"]
[EventType "tourn"]
[EventRounds "9"]
[EventCountry "GER"]
[EventCategory "8"]
[SourceTitle "CBM 034"]
[Source "ChessBase"]
[SourceDate "1993.06.01"]
[SourceVersion "1"]
[SourceVersionDate "1993.06.01"]
[SourceQuality "1"]

1. d4 Nf6 2. c4 e6 3. Nc3 Bb4 4. Qc2 c5 5. dxc5 Qc7 6. a3 Bxc5 7. Nf3 a6 8. e3
Be7 9. Bd3 d6 10. O-O Nbd7 11. b4 b6 12. Bb2 Bb7 13. Ne4 O-O 14. Nxf6+ Nxf6 15.
e4 (15. Bxf6 $2 Bxf6 16. Bxh7+ Kh8 17. Rad1 (17. Be4 Bxa1 18. Rxa1 d5 $1 $19)
17... Bxf3 18. gxf3 g6 $19 19. Bxg6 fxg6 20. Qxg6 Rg8) 15... Nd7 (15... d5 $2
16. cxd5 Qxc2 17. Bxc2 exd5 18. e5 Ne4 19. Nd4 $16) (15... Rac8 $5 16. e5 dxe5
17. Bxe5 Qc6 18. Bxf6 $2 (18. Rfe1 h6 19. Rac1) 18... Bxf6 19. Bxh7+ Kh8 20.
Rac1 g6 21. Bxg6 fxg6 22. Qxg6 Rc7) 16. Nd4 Bf6 17. f4 g6 (17... Rac8 18. e5
dxe5 19. Bxh7+ Kh8) (17... e5 $5 18. fxe5 (18. Nf5 exf4 19. Rxf4 Bxb2 20. Qxb2
Ne5) 18... Bxe5) 18. Nb3 Qd8 (18... Rac8) (18... Rfd8) (18... b5 19. Bxf6 Nxf6
20. c5) 19. Rae1 Bxb2 20. Qxb2 Qf6 $2 21. e5 $1 dxe5 22. fxe5 Qg5 23. Be4 Bxe4
24. Rxe4 Rad8 25. Qe2 Nb8 26. Nd4 Rd7 27. Nf3 Qh6 $4 (27... Qd8 28. Qe3 (28.
Rh4 Nc6 29. Qe3 (29. Qe4 Ne7 30. Ng5 Nf5) 29... f6) 28... Rd1 29. Qh6 Rxf1+ 30.
Kxf1 Qd1+ 31. Re1 Qd3+ 32. Kf2 f6) 28. Rh4 Qg7 29. Ng5 h6 30. Ne4 Rdd8 31. Nf6+
Kh8 32. Qe3 g5 33. Rd4 $1 b5 34. Rxd8 Rxd8 35. cxb5 axb5 36. Qb6 Rc8 37. Qxb5
Qg6 38. Qb7 Rf8 39. Qe7 Kg7 40. Ne8+ Kg8 41. Nf6+ Kg7 42. b5 Rc8 43. a4 h5 44.
a5 g4 45. Ne8+ 1-0

[Event "Corus-B"]
[Site "Wijk aan Zee"]
[Date "2004.01.25"]
[Round "13"]
[White "Lobron, Eric"]
[Black "Tiviakov, Sergei"]
[Result "1/2-1/2"]
[WhiteElo "2497"]
[BlackElo "2600"]
[Annotator "Tiviakov,S"]
[PlyCount "38"]
[EventDate "2004.01.10"]
[EventType "tourn"]
[EventRounds "13"]
[EventCountry "NED"]
[EventCategory "13"]
[SourceTitle "CBM 099"]
[Source "ChessBase"]
[SourceDate "2004.03.30"]
[SourceVersion "1"]
[SourceVersionDate "2004.03.30"]
[SourceQuality "1"]

1. d4 Nf6 2. c4 e6 3. Nc3 Bb4 4. Qc2 c5 5. dxc5 Bxc5 6. Nf3 Qb6 7. e3 Qc7 8.
Be2 b6 9. b3 (9. g4 {- 84/439}) 9... Bb7 10. Bb2 a6 11. Rd1 (11. O-O {- 41/
(639), 46/(758)}) 11... Be7 12. Rd2 $146 (12. O-O d6 (12... O-O $2 13. Ng5 Rd8
14. Nd5 exd5 15. Bxf6 Bxf6 16. Qxh7+ Kf8 17. cxd5 d6 18. Bh5 $16 Bxg5 19. Qh8+
Ke7 20. Qxg7 Rf8 21. Qxg5+ Ke8 22. Rc1 Qd8 23. Qf5 Qe7 24. Rc4 Nd7 25. Rc7 Bc8
26. Rfc1 Kd8 27. Bg4 Qe8 28. R1c6 Rg8 29. h3 b5 30. Qf4 Qf8 31. Bxd7 Bxd7 32.
Qf6+ Ke8 33. Rxd6 Rd8 34. Rdxd7 {1-0 Kiriakov,P-Tiviakov,S/Port Erin 1999/CBM
74 (34)}) 13. Nd4 $14 {/\e4} (13. Ng5 Nbd7 14. Rd2 Rc8 15. Rc1 O-O 16. Rcd1
Rfd8 17. Nce4 Nxe4 18. Nxe4 d5 $11 19. Qc3 Nf6 20. cxd5 Qxc3 21. Nxc3 Nxd5 22.
Nxd5 Rxd5 23. Rxd5 Bxd5 24. Bxa6 Ra8 25. Bc4 Rxa2 {1/2-1/2 Zpevakova,K-Sergeev,
N/ICCF Email 2000/ICCF tele 5/2001 (25)})) 12... d6 13. g4 $5 (13. O-O Nbd7 14.
Nd4 $14 {/\e4} (14. e4 Nc5 $11)) 13... h6 $1 (13... Nxg4 14. Rg1 $16 {/\Rg7}) (
13... Nbd7 14. g5 Ng4 $13 {/\Nge5}) 14. Rg1 g5 15. h4 (15. Kd1 Nbd7 16. Kc1 $13
) 15... Rg8 16. hxg5 hxg5 17. Nd4 Nbd7 (17... Nc6 $2 18. Ncb5 $1 Qd7 19. Nxc6
Qxc6 (19... Bxc6 20. Bxf6 $16) 20. Nxd6+ Bxd6 21. Bxf6 $16) 18. Kd1 $1 (18. f4
{(><e4)} Nc5 $17 (18... gxf4 19. exf4 d5 20. cxd5 Qxf4 21. dxe6 fxe6 $36))
18... Rc8 (18... O-O-O $5) (18... d5 19. cxd5 Nxd5 20. Nxd5 Qxc2+ 21. Kxc2 (21.
Rxc2 Bxd5 22. f3 $13) 21... Bxd5 22. f3 $14) 19. e4 (19. Kc1 $5 d5 (19... Qb8
$5 {/\d5, /\b5, <->c}) 20. cxd5 Nxd5 21. Nxd5 Qh2 22. Qxc8+ $1 Bxc8 23. Nf3
Qxf2 (23... Qh3 24. Nxe7 Kxe7 25. Rgd1 $36 {^^}) 24. Nxb6 $13) 19... Ne5 $13 {
[20.f3, /\Kc1-b1]} 1/2-1/2